000 00602nam a22002177a 4500
005 20251108171902.0
008 250721s2003 xx 000 0 ara d
082 1 4 _a658.3/زوي
100 1 _aزويلف، مهدي حسن
245 1 0 _aإدارة الأفراد /
264 1 _aعمان :
_bدار صفا،
_c2003.
300 _a310ص
650 1 7 _aإدارة الأفراد
650 1 7 _aالتنظيم
650 1 7 _aتدريب الموظفين
650 1 7 _aتقييم الأداء
650 1 7 _aالترفيه
650 1 7 _aتنظيم العمل
942 _2ddc
_cBK
999 _c65141
_d65141